00631nam a22001337a 4500008004100000020000600041040005500047080002800102245015700130260003700287500013800324650001200462700002300474230608b |||||||| |||| 00| 0 eng d a  aNational Science LibrarycNational Science Library a620.172.24 (082.2) bM4 aAdvances in fracture research : Fracture 84 c/ Proceedings of the 6th International Conference on Fracture (ICF6), New Delhi, India, 4-10 December 1984 aOxford: bPergamon Press, c1984 aVol. 2; xxxvi, 777-1558p. Vol. 3; xxxvi, 1561-2332p. Vol. 4; xxxvi, 2335-3085p. Vol. 5; xxxvi, 3089-3715p. Vol. 6; xxxvi, 3717-4033p. aScience aValluri, S R (Ed.)